Ain't no trust: How bosses, boyfriends, and bureaucrats fail low-income mothers and why it matters/
Uloženo v:
| Hlavní autor: | |
|---|---|
| Médium: | Kniha |
| Jazyk: | English |
| Vydáno: |
California:
University of California Press,
2013
|
| Tagy: |
Přidat tag
Žádné tagy, Buďte první, kdo vytvoří štítek k tomuto záznamu!
|
MARC
| LEADER | 00000nam a22000007a 4500 | ||
|---|---|---|---|
| 003 | cru CIDCACS/IIS | ||
| 005 | 20180308062534.0 | ||
| 007 | ta | ||
| 008 | 180307t2013 cau|||||r|||||||| ||eng|d | ||
| 999 | |c 41106 |d 41106 | ||
| 020 | |a 9780520274723 | ||
| 040 | |c cru CIDCACS/IIS | ||
| 090 | |a 02.02.01 L665a | ||
| 100 | 1 | |a Levine, Judith A. |9 6746 | |
| 245 | 1 | |a Ain't no trust: |b How bosses, boyfriends, and bureaucrats fail low-income mothers and why it matters/ |c Judith A. Levine | |
| 260 | |a California: |b University of California Press, |c 2013 | ||
| 300 | |a 297 páginas: |b tablas | ||
| 500 | |a Donado por Joanna Dreby | ||
| 942 | |2 ddc |c LI | ||



